000 00322nam a22001337a 4500
999 _c534188
_d534188
020 _a978-9693509588
040 _cMSOHAIL
082 _a891.4393
100 _aMustansar Hussain Tarar
_99703
245 _aShehpar / شہپر
260 _aLahore
_bSang-E-Meel Publications
_cc2007
300 _a150;p
942 _2ddc
_cBK